Statistics made simple : (Record no. 38816)

MARC details
000 -LEADER
fixed length control field 00843nam a22002417a 4500
005 - DATE AND TIME OF LATEST TRANSACTION
control field 2010080202532.0
010 ## - LCCN (DPL NO)
LC control number ENG-97806
020 ## - INTERNATIONAL STANDARD BOOK NUMBER
International Standard Book Number 9788120340176
Terms of availability 250.00
035 ## - SYSTEM CONTROL NUMBER
System control number EN-81339
037 ## - SOURCE OF ACQUISITION
Source of stock number/acquisition DBAD/PUB
082 ## - DEWEY DECIMAL CLASSIFICATION NUMBER
Classification number 519.5
100 ## - MAIN ENTRY--PERSONAL NAME
Personal name Sarma, K.V.S.
245 ## - TITLE STATEMENT
Title Statistics made simple :
Remainder of title do it yourself on PC /
Statement of responsibility, etc by K.V.S. Sarma
250 ## - EDITION STATEMENT
Edition statement 2nd ed
260 ## - PUBLICATION, DISTRIBUTION, ETC. (IMPRINT)
Place of publication, distribution, etc New Delhi
Name of publisher, distributor, etc PHI Learning
Date of publication, distribution, etc 2010
270 ## - ADDRESS
Address M-97, Connaught Circus
City New Delhi
Postal code 110001
300 ## - PHYSICAL DESCRIPTION
Extent xv, 303p.:
Other physical details ill.
Dimensions 24cm (pbk)
500 ## - GENERAL NOTE
General note includes index
650 ## - SUBJECT ADDED ENTRY--TOPICAL TERM
Topical term or geographic name as entry element Mathematical Statistics
650 ## - SUBJECT ADDED ENTRY--TOPICAL TERM
Topical term or geographic name as entry element Problem solving - Data Processing
942 ## - ADDED ENTRY ELEMENTS (KOHA)
Source of classification or shelving scheme Dewey Decimal Classification
Item type English Books
Classification part 519.5
Call number suffix SAR
Holdings
Withdrawn status Lost status Not for loan Collection code Home library Current library Date acquired Source of acquisition Cost, normal purchase price Full call number Barcode Copy number Cost, replacement price Koha item type
    Not For Loan Non-fiction D.B.Act.Division D.B.Act.Division 02/08/2010 DBAD/PUB 250.00 519.5 SAR EN-81339 1 250.00 English Books

© Delhi Public Library
Hit Counter
free hit counter